000 00699nam a2200265Ia 4500
005 20260121170032.0
008 008 260114s9999 xx 000 0 eng d
020 _a9788132224761
037 _aEBOOK
040 _aCRL
040 _beng
040 _cCRL
041 _2eng
041 _aeng
084 _qCRL
100 _aN. Chandrasekhara Rao, R. Radhakrishna, Ram Kumar Mishra, Venkata Reddy Kata
_91059008
245 0 _aOrganised Retailing and Agri-Business
260 _bSpringer
260 _bSpringer
260 _c2016
856 _uhttps://link.springer.com/openurl?genre=book&isbn=978-81-322-2476-1
942 _cEBOOK
999 _c1624737
_d1624737